| 000 | 01847nam a2200385 c 4500 | ||
|---|---|---|---|
| 003 | BLK | ||
| 005 | 20220421163351.0 | ||
| 008 | 180409b bul|||||r ||||||| ||bul|| | ||
| 010 | _aKNG00104773000 | ||
| 020 |
_a954-779-030-7 _bиздат.: Архимед |
||
| 040 | _aBLK | ||
| 041 |
_aBUL _cBUL |
||
| 080 |
_aЦивилизация. Култура. Прогрес. История на културата вж 930.85 _b008 _x(4)(091)(035) _z008(4)(091)(035) |
||
| 080 |
_aИстория на цивилизацията. История на културата _b930.85 _x _z930.85 |
||
| 100 | 1 |
_aШваниц, Дитрих _eпърви автор _9142946 |
|
| 700 | 1 |
_aПопова, Недялка Стоянова _eпрев. _9364488 |
|
| 700 | 1 |
_aКузманова, Елисавета Тодорова _eпрев. _9367022 |
|
| 139 |
_aШваниц, Дитрих _bШ 44 |
||
| 245 | 1 | 0 |
_aРечник на общата ни култура _cДитрих Шваниц; прев. Недялка Стоянова Попова; прев. Елисавета Тодорова Кузманова. |
| 257 | _aDEU | ||
| 260 |
_аСофия _bАрхимед _c2002 |
||
| 300 |
_a428 с. _c23 см |
||
| 380 | _a0 | ||
| 500 | _aОриг. загл. Bildung / Dietrich Schwanitz. - Съдържа и Хронологична таблица ; Книги, които промениха света ; Хронология на културната история. - Именен показалец. | ||
| 590 | _aф | ||
| 650 | 4 |
_aКултура - история - справочници _9254688 |
|
| 650 | 4 |
_aЦивилизация - история _9250724 |
|
| 653 | _aкултура | ||
| 653 | _aцивилизации | ||
| 852 | _aЦб 213653 | ||
| 856 | 4 |
_qpdf _u |
|
| 856 | 4 |
_qpdf _u |
|
| 942 |
_cKNG _n0 _05 |
||
| 944 |
_aCR _c01.01.2002 _kЛюдмила_Стоянова |
||
| 944 |
_aED _c10.10.2008 _k |
||
| 999 |
_c99759 _d99759 |
||